| 000 | 01024nam a2200277 i 4500 | ||
|---|---|---|---|
| 001 | 37495 | ||
| 003 | ES-MaACL | ||
| 005 | 20240418144922.0 | ||
| 007 | t| | ||
| 008 | 030310s1961 sp ||||1| spa d | ||
| 080 | _a821.134.2-32"19"(082) | ||
| 111 | 2 |
_aConcurso Literario Popular del Club CCC ( _n3º. _d1961. _cSan Sebastián) _9134 |
|
| 245 | 1 | 0 |
_aObras finalistas / _c3er Concurso Literario Popular del Club CCC. |
| 260 |
_aSan Sebastián : _bCCC, _c[1961] |
||
| 300 |
_a250 p. ; _c19 cm. |
||
| 505 | 8 | _aContiene: Cuentos literarios / por Monserrat Soler. La pierna de oro / por Emilio Mansera. Las fauces insaciables de la bestia / por Dominga Suárez | |
| 650 | 1 | 4 |
_aNovela española- _yS.XX _915636 |
| 700 | 1 |
_aSoler, Monserrat. _9107158 |
|
| 700 | 1 |
_aMansera, Emilio. _976114 |
|
| 700 | 1 |
_aSuárez, Dominga. _9108550 |
|
| 740 | 0 | _aCuentos literarios. | |
| 740 | 3 | _aLa pierna de oro. | |
| 740 | 4 | _aLas suces insaciables. | |
| 852 |
_aES-MaACL _jC-20122 _bR.48691 |
||
| 999 |
_c37495 _d37495 |
||